00523nam a2200193 a 4500001001300000003000900013005001700022008004100039020001000080082001500090100002100105245005900126260005100185300000800236500003500244505001300279650001600292700002100308nice12345678IN_TiNIC20260116012910.0050524s1972 mada grp 000 0 eng  ac10000a231.3bGOO aGoold, A Leonard aPromise of the Father Or the Coming of the Holy Spirit aMadrasbGospel Fellowship Trust of Indiac1972 a79p aincludes index and biblioraphy2 aAppendix aHoly Spirit1 aGoold, A Leonard